1037 1665 1813 1684 1971 1620 1095 1610 1884 1965 1325 1268 1449 1474 1605 1031 1046 1613 1876 1966 1545 1262 1866 1178 1820 1274 1776 1756 1954 1499 1028 1200 1227 1936 1110 1951 1487 1296 1084 1102 1618 1048 1919 1619 1034 1431 1649 1139 1444 1980 1977 1209 1143 1816 1981 1131 1293 1993 1986 1084 1730 1083 1146 1254 1298 1144 1164 1738 1860 1535 1470 1438 1848 1976 1041 1853 1575 1149 1159 1311 1638 1732 1810 1109 1022 1509 1311 1256 1377 1992 1291 1189 1780 1586 1742 1397 1353 1182 1598 BCNSPRNW ULIB Ver.6.0+V

เปลี่ยนเป็นภาษาไทย

Change to English
 แสดงรายละเอียดบรรณานุกรม
  กลับหน้าหลัก

Brief Record : Get Marc (ISO 2709) : E-mail record : QR code < ปิดหน้าต่าง
LEADER : 00000nam 2200000uu 4500
001    13399112272
003     ULIB
008    110314s1999||||th 000 0 eng d
020    07817793
060 04 QZ39^bC832h 1999
100 0  Corwin,Elizabeth J.
245 10 Handbook of pathophysiology /^cCorwin,Elizabeth J.
260    Philadelphia :^bLippincott Williams&Wilkins,^c1999
300    770 p
650  7 Pathology handbooks
650  7 Physiology handbooks
945    ^p0^l0^i012451
945    ^p0^l0^i012460
995    ทศพร
999 ^a ใช้งานได้ทุกระบบ
รายการนี้ยังไม่มีแท็ก
คุณยังไม่ได้ล็อกอิน คุณสามารถมีกิจกรรมร่วมกับเว็บไซต์ได้ แต่ต้องล็อกอินก่อน ::
  ล็อกอิน

รายการสื่อสารสนเทศ

ลำดับที่ ประเภท เลขเรียก/บาร์โค้ด สถานที่ สถานะ
1. วิทยาศาสตร์การแพทย์ และสุขภาพ
วิทยาศาสตร์การแพทย์ และสุขภาพ
สถานะ=หนังสือเก่า
QZ39 C832h 1999 ฉ.2 
  Barcode: 012460
ห้องสมุดวิทยาเขตสวรรค์ประชารักษ์
►ส่วนจัดเก็บหนังสือเก่า สปร
ถูกยืม กำหนดส่งวันที่ 21 กันยายน 2555
  จอง

BibComment


ยังไม่เคยถูกคอมเมนท์

คอมเมนท์ทรัพยากรรายการนี้
  คอมเมนท์: Handbook of patho..


 Copyright 2026. Bcnsprnw @Library